000 00506nam a2200181 a 4500
001 2954
005 20140414131853.0
008 051130s19uu xx 00 eng d
020 _a0-439-26097-3
050 _aM 551.22
_bSi5 1991
100 _aSimon, Seymour
245 _aEarthquakes /
_cby Seymour Simon.
260 _aNew York :
_bScholastic,
_c1991.
300 _a1 v. p. : ill. ; cm.
650 _aEarthquakes
_xJuvenile literature.
650 _aSeismology
_xJuvenile literature.
999 _c110289
_d110289